000 00581nam a2200193Ia 4500
003 GCL
005 20240530095400.0
008 140319s9999 xx 000 0 ara d
040 _aGCL /
_cGCL
082 0 4 _a050
_bد/د هـ
245 1 0 _aمصرى فى باريس ( الهلال أغسطس 2001 )
260 _aالقاهرة :
_bدار الهلال للطباعة والنشر ،
_c2001
650 0 4 _aوادى النطرون
650 0 4 _aالجاسوسية
650 0 4 _aزكى نجيب محمود
650 0 4 _aالابداع
650 0 4 _aسيد قطب
942 _2ddc
_cCR
999 _c6676
_d6676